Ciudadanía, género y poder: La paridad como principio constitucional (Record no. 180831)

MARC details
000 -CABECERA
campo de control de longitud fija 01646nab a2200277 a 4500
005 - FECHA Y HORA DE LA ÚLTIMA TRANSACCIÓN
campo de control 20260217062537.0
008 - ELEMENTOS DE LONGITUD FIJA--INFORMACIÓN GENERAL
campo de control de longitud fija 991125c2015 sp ar p o 000 0 spa d
035 ## - NÚMERO DE CONTROL DEL SISTEMA
Número de control de sistema UPN01000208730
040 ## - FUENTE DE LA CATALOGACIÓN
Centro catalogador/agencia de origen MX-MxUPN
Lengua de catalogación spa
Centro/agencia transcriptor MX-MxUPN
Normas de descripción aacr2
049 ## - COLECCIÓN
Colección ART-E
100 1# - ASIENTO PRINCIPAL--NOMBRE PERSONAL
Nombre de persona Salazar Benítez, Octavio
100 1# - ASIENTO PRINCIPAL--NOMBRE PERSONAL
Filiación nievesalong@gmail.com
245 10 - MENCIÓN DE TÍTULO
Título Ciudadanía, género y poder: La paridad como principio constitucional
506 0# - NOTA DE RESTRICCIONES AL ACCESO
Limitaciones de acceso Acceso abierto
520 3# - NOTA DE RESUMEN, ETC.
Sumario, etc. La introducción por la Ley O rgánica 3/2007, de 22 de marzo de acciones positivas en la ley electoral no sólo provocó una intensa polémica en cuanto a su legitimidad constitucional sino que también, y paradójicamente, no ha contribuido al aumento del número de diputadas en el Congreso. Ello nos obliga a reflexionar sobre los argumentos jurídicos que se oponen a ellas y los políticos que explican su relativa virtualidad práctica. De esta m anera, planteamos una reflexión sobre el concepto de “democracia paritaria”, desde su conexión con los dos ejes fundamentales de un sistema constitucional: el poder y la ciudadanía. Una reflexión urgente y necesaria ante la perspectiva de una reforma de nuestra Constitución.
650 #4 - ASIENTO SECUNDARIO DE MATERIA - TERMINO TEMATICO
Término de materia o nombre geográfico como elemento de entrada Ciudadanía
9 (RLIN) 7037
650 #4 - ASIENTO SECUNDARIO DE MATERIA - TERMINO TEMATICO
Término de materia o nombre geográfico como elemento de entrada Género
9 (RLIN) 5712
650 #4 - ASIENTO SECUNDARIO DE MATERIA - TERMINO TEMATICO
Término de materia o nombre geográfico como elemento de entrada Poder (Ciencias sociales)
9 (RLIN) 1203
650 #4 - ASIENTO SECUNDARIO DE MATERIA - TERMINO TEMATICO
Término de materia o nombre geográfico como elemento de entrada Democracia
9 (RLIN) 6020
653 0# - TERMINO DE INDIZACION - NO CONTROLADO
Término no controlado Paridad
773 ## - ENLACE AL DOCUMENTO FUENTE/ENTRADA DE REGISTRO ANFITRIÓN
Parte(s) relacionada(s) No. 10 (2015), p. 16-37
Título Cuestiones de género : de la igualdad y la diferencia
Número Internacional Normalizado para Publicaciones Seriadas 1699-597X
856 4# - LOCALIZACIÓN Y ACCESO ELECTRÓNICOS
Identificador Uniforme del Recurso <a href="https://revpubli.unileon.es/index.php/cuestionesdegenero/article/view/1484">https://revpubli.unileon.es/index.php/cuestionesdegenero/article/view/1484</a>
902 ## - ELEMENTOS DE DATOS B LOCAL, LDB (RLIN)
Creó Gloria Jiménez/150825
905 ## - TIPO DE MATERIAL
Tipo de material Articulo
942 ## - ELEMENTOS DE PUNTO DE ACCESO ADICIONAL (KOHA)
Tipo de ítem Koha Artículo Electrónico
Holdings
Estado de retiro Estado de pérdida Estado dañado No para préstamo Código de colección Localización permanente Ubicación/localización actual Ubicación en estantería Fecha de adquisición Total de préstamos Fecha visto por última vez Identificador Uniforme del Recurso Precio válido a partir de Tipo de ítem Koha
        Acceso abierto Bib. Gregorio Torres Quintero Bib. Gregorio Torres Quintero En línea 15/08/2025   15/08/2025 https://revpubli.unileon.es/index.php/cuestionesdegenero/article/view/1484 15/08/2025 Artículo Electrónico